The 500 hats of Bartholomew Cubbins

Bibliographic Details
Main Author: Dr. Seuss
Format: Book
Published: London : Oxford University Press , 2005
Subjects:

MARC

LEADER 00000cam a2200000 7i4500
001 0000034589
005 20151222.0
008 121005
020 |a 0007414024 
090 0 0 |a JF   |b ENG 
100 1 |a Dr. Seuss 
245 1 4 |a The 500 hats of Bartholomew Cubbins   |c Dr. Seuss 
260 |a London :   |b Oxford University Press ,   |c 2005 
500 |a Children ages 7-9 years old (orange) 
650 0 |a Children stories   |x English fiction 
650 0 |a Fairy tales 
650 0 |a Hats fiction 
999 |a 0001158718   |b Book   |c Children Collection   |e Perbadanan Perpustakaan Awam Johor